| 000 | 00485nam a22001817a 4500 | ||
|---|---|---|---|
| 003 | BD-ChCU | ||
| 005 | 20260421112601.0 | ||
| 008 | 260421b bg ||||| |||| 00| 0 ben d | ||
| 040 | _cBD-ChCU | ||
| 082 | _a909.82 THW | ||
| 100 |
_aThomson, David. _921695 |
||
| 245 |
_aWorld history from 1914 to 1964.// _cDavid Thomson. |
||
| 250 | _a3rd ed. | ||
| 260 |
_aLondon. _bOxford University Press. _c1969 |
||
| 300 | _ax, 166p | ||
| 650 | 0 |
_aWorld History. _921697 |
|
| 942 |
_2ddc _cBK _n0 |
||
| 999 |
_c112308 _d112308 |
||